00289nam a2200109Ia 4500008004100000082001600041100002000057245004300077250000800120260004300128300000800171191201s2012 xx 000 0 und d a004.22bMUC aMURDOCCA, Miles 0aComputer Architecture and Organigation aRep c2012bWiley Dreautech IndiaaNEW DELHI a524